000
00244 a2200097 4500
001
11155
100
_a
Ishtiaq H. Quarshi
245
_a
The Muslim Community of the Indo-Pakistan subcontinent
260
_a
_b
Mouton & Co
_c
090
_c
8709
_d
8709
942
_a
NUST-CAE
_c
M
_c
35499
999
_c
246228
_d
246228